|
|
|
|
| LEADER |
00000nam0a2200000 4500 |
| 001 |
24513 |
| 005 |
20260508115920.0 |
| 010 |
|
|
|a 5272000676
|
| 035 |
|
|
|a (RuTPU)RU\TPU\book\24742
|
| 035 |
|
|
|a BOOK00000050
|
| 090 |
|
|
|a 24513
|
| 100 |
|
|
|a 20011209d2000 k y0rusy50 ca
|
| 101 |
1 |
|
|a rus
|c eng
|
| 102 |
|
|
|a RU
|a BY
|a UA
|
| 105 |
|
|
|a a z 001zy
|
| 200 |
1 |
|
|a Руководство системного администратора Windows: Windows 98. Windows NT. Windows 2000
|e пер. с англ.
|f А. Джонс
|g пер. А. Файзрахманов
|
| 210 |
|
|
|a СПб.
|a Москва
|a Харьков
|a Минск
|c Питер
|d 2000
|
| 215 |
|
|
|a 367 с.
|c ил.
|
| 225 |
1 |
|
|a Для профессионалов
|
| 320 |
|
|
|a Алф. указ.: с. 357-367.
|
| 330 |
|
|
|a Книга призвана облегчить нелегкий труд системных администраторов по круглосуточному поддержанию жизнеспособности сети. Наряду с вопросами планирования и строительства сети в ней рассматриваются задачи, ежедневно встающие перед администраторами: изменение конфигурации, автоматизация рутинных работ, защита информации. Автор делится своим опытом управления сетями и дает множество полезных советов на примере конкретных ситуаций — вплоть до восстановления работоспособности сети после катастрофы.
|
| 333 |
|
|
|a Исключено из фонда НТБ ТПУ
|
| 610 |
1 |
|
|a операционные системы
|
| 610 |
1 |
|
|a компьютерные сети
|
| 610 |
1 |
|
|a управление
|
| 610 |
1 |
|
|a Windows
|
| 610 |
1 |
|
|a администрирование
|
| 675 |
|
|
|a 681.3.066
|v 3
|
| 700 |
|
1 |
|a Джонс
|b А.
|g Аллен
|
| 702 |
|
1 |
|a Файзрахманов
|b А.
|4 730
|
| 801 |
|
0 |
|a RU
|b 63413507
|c 20011209
|g PSBO
|
| 801 |
|
2 |
|a RU
|b 63413507
|c 20081211
|g PSBO
|
| 942 |
|
|
|c BK
|